000 01034nam0a22002771 4500
001 rc\60045
005 20250620164101.0
010 _a5-05-002548-6
_915000
035 _a(NLR Aleph) 005336106
090 _a6643317
_c6643317
100 _a20021216d1991 |||y0rusy50 ca
101 0 _arus
102 _aRU
105 _aa |||||||||
200 1 _aБеттина фон Арним
_eРомантизм. Революция. Утопия
_eБиография
_fПер. с нем. С. Тархановой
_g[Предисл. С. Рожновского
_gКоммент. А. Гугнина]
210 _aМ.
_cРадуга
_d1991
215 _a311 с.
_cпортр.
_d21
300 _aПеревод изд.: Bettine von Arnim / Ingebord Drewitz (Köln, 1969)
320 _aУказ. имен.: с. 303-310
600 1 _aАрним
_bБ. фон
_gБеттина фон
_2psbo
700 1 _aДревиц
_bИ.
_gИнгеборг
801 0 _aRU
_bNLR
_gpsbo
801 1 _aRU
_bELAR
_2rusmarc
852 _aNLR
_j91-3/710
942 _cBOOK
980 _aNB